|
|
|
|
| LEADER |
00933nam a22002412a 4500 |
| 001 |
001119288 |
| 003 |
CZ BrMZK |
| 005 |
20110420085846.0 |
| 007 |
ta |
| 008 |
100930s1982 xo a er|||||||||||slo d |
| 040 |
|
|
|a ABA001
|b cze
|c ABA001
|d ABA001
|d BOA001
|
| 080 |
9 |
|
|a 541(075.3):377.35
|
| 100 |
1 |
|
|a Beneš, Pavel,
|d 1944-
|7 jk01011634
|4 aut
|
| 245 |
1 |
0 |
|a Všeobecná chémia A pre 1. ročník stredných odborných učilíšť /
|c Pavel Beneš a Dagmar Frýbová
|
| 246 |
1 |
|
|i Název v tiráži:
|a Všeobecná chémia A pre 1. ročník stredných odborných škôl
|
| 250 |
|
|
|a 1. vyd.
|
| 260 |
|
|
|a Bratislava :
|b Slovenské pedagogické nakladateľstvo,
|c 1982
|
| 300 |
|
|
|a 91 s. :
|b il. ;
|c 8° +
|e [1] volná příloha
|
| 700 |
1 |
|
|a Frýbová, Dagmar
|7 ola2008419327
|4 aut
|
| 910 |
|
|
|a BOA001
|b 2-0844.328
|
| 990 |
|
|
|a BK
|
| 991 |
|
|
|b 201009
|
| 996 |
7 |
|
|b 2619359733
|c 2-0844.328
|l MZK
|r Sklad / do 1 hodiny
|n 0
|w 001147138
|u 000010
|a 1
|e BOA001
|j MZK50
|s A
|